Tears of the Kingdom Sages - Statistics

General Stats
  • This quiz has been taken 85 times
  • The average score is 5 of 6
Answer Stats
Hint Answer % Correct
Sage of Time Zelda
94%
Sage of Water Sidon
91%
Sage of Fire Yunobo
88%
Sage of Spirit Mineru
86%
Sage of Lightning Riju
86%
Sage of Wind Tulin
84%
No matching quizzes found
Score Distribution
Percent of People with Each Score
Percentile by Number Answered
Your Score History
You have not taken this quiz